Normal view
MARC view
- Mendenhall, William M.
Entry Personal Name
001 - CONTROL NUMBER
- control field: 123
003 - CONTROL NUMBER IDENTIFIER
- control field: DLC
005 - DATE AND TIME OF LATEST TRANSACTION
- control field: 20230719133952.0
008 - FIXED-LENGTH DATA ELEMENTS
- fixed length control field: 140103n| azannaabn |n aaa
010 ## - LIBRARY OF CONGRESS CONTROL NUMBER
- LC control number: n 2013188865
035 ## - SYSTEM CONTROL NUMBER
- System control number: (DNLM)1597637
040 ## - CATALOGING SOURCE
- Original cataloging agency: DNLM
- Language of cataloging: eng
- Description conventions: rda
- Transcribing agency: DNLM
100 1# - HEADING--PERSONAL NAME
- Personal name: Mendenhall, William M.
370 ## - ASSOCIATED PLACE
- Other associated place: Gainesville (Fla.)
- Source of term: naf
372 ## - FIELD OF ACTIVITY
- Field of activity: Radiation Oncology
- Source of term: mesh
373 ## - ASSOCIATED GROUP
- Associated group: University of Florida. Department of Radiology
- Source of term: naf
670 ## - SOURCE DATA FOUND
- Source citation: Radiation therapy for skin cancer, c2013:
- Information found: t.p. (William M. Mendenhall) t.p. verso (Department of Radiation Oncology, College of Medicine, University of Florida, Gainesville, FL)